000 00308nam a22001337a 4500
008 171215b xxu||||| |||| 00| 0 eng d
020 _a9781572308060
041 _aeng
080 _a37
100 _a46
101 _aEDU
245 _aTEACHING STRATEGIC PROCESSES IN READING
_cALMASI,J.F
942 _2udc
_cBK
999 _c39043
_d39043